| 000 | 01951nab a2200265 i 4500 | ||
|---|---|---|---|
| 003 | BR-BrBNA | ||
| 005 | 20250422142856.0 | ||
| 008 | 250422b2017 bl.qr|pooa||| 00| 0 por | | ||
| 040 |
_aBR-BrBNA _bpor |
||
| 072 | _aF70 | ||
| 072 | _aF50 | ||
| 100 | _aCanalli, Yasmin de Mello | ||
| 100 | _aBove, Claudia Petean | ||
| 245 | _aFlora do Rio de Janeiro: Typhaceae | ||
| 500 | _aPublicação on-line; 10 ref.; Summaries (En, Pt) | ||
| 520 | _a Resumo O presente estudo tem como objetivo contribuir para o conhecimento das espécies da família Typhaceae Juss. ocorrentes no estado do Rio de Janeiro. O trabalho tem por base a análise morfológica de materiais depositados em herbários e coletas de campo, além da compilação de dados de literatura. Foi registrada uma espécie: Typha domingensis. Descrições, ilustrações, dados sobre hábitat e distribuição geográfica da espécie são apresentados. Palavras-chave: Sudeste do Brasil, taxonomia, planta aquática, taboa. Abstract This study aims to contribute to the knowledge of Typhaceae Juss. family species occurring in the state of Rio de Janeiro. The work is based on the morphological analysis of materials deposited in herbarium collections and field, besides the literature data collection. One was recorded species: Typha domingensis. Descriptions, illustrations, data on habitat and geographical distribution of the species are presented. Key words: Brazil's Southeast, taxonomy, aquatic plant, cattail. | ||
| 650 | _aSUDESTE | ||
| 650 | _aTAXONOMIA | ||
| 650 | _aPLANTA AQUÁTICA | ||
| 650 | _aTABOA | ||
| 773 | 0 |
_0709 _9349992 _dRio de Janeiro-RJ Jardim Botanico do Rio de Janeiro 1935 _o2025-2514 _tRodriguésia (Brazil) _x0370-6583; 2175-7860 on-line _gv. 68(1) p. 111-113; (2017) _wBR2025000737 |
|
| 856 | _uhttps://www.scielo.br/j/rod/a/GWDfrfzNJWFWMKj76JqDH6J/?format=pdf&lang=pt | ||
| 942 | _cANA | ||
| 999 |
_c331139 _d331139 |
||